LEADER 02126nlm0 22005771i 450 001 990009263600403321 010 $a9783642105203 035 $a000926360 035 $aFED01000926360 035 $a(Aleph)000926360FED01 035 $a000926360 100 $a20100926d2009----km-y0itay50------ba 101 0 $aeng 102 $aDE 135 $adrnn-008mamaa 200 1 $aAdvances in Visual Computing$bRisorsa elettronica$e5th International Symposium, ISVC 2009, Las Vegas, NV, USA, November 30-December 2, 2009. Proceedings, Part II$fedited by George Bebis, Richard Boyle, Bahram Parvin, Darko Koracin, Yoshinori Kuno, Junxian Wang, Renato Pajarola, Peter Lindstrom, André Hinkenjann, Miguel L. Encarnação, Cláudio T. Silva, Daniel Coming 210 $aBerlin ; Heidelberg$cSpringer$d2009 225 1 $aLecture Notes in Computer Science$x0302-9743$v5876 230 $aDocumento elettronico 336 $aTesto 337 $aFormato html, pdf 702 1$aBebis,$bGeorge 702 1$aBoyle,$bRichard 702 1$aComing,$bDaniel 702 1$aEncarnação,$bMiguel L. 702 1$aHinkenjann,$bAndré 702 1$aKoracin,$bDarko 702 1$aKuno,$bYoshinori 702 1$aLindstrom,$bPeter 702 1$aPajarola,$bRenato 702 1$aParvin,$bBahram 702 1$aSilva,$bCláudio T. 702 1$aWang,$bJunxian 801 0$aIT$bUNINA$gREICAT$2UNIMARC 856 4 $zFull text per gli utenti Federico II$uhttp://dx.doi.org/10.1007/978-3-642-10520-3 901 $aEB 912 $a990009263600403321 961 $aBioinformatics 961 $aComputational Biology/Bioinformatics 961 $aComputer graphics 961 $aComputer Graphics 961 $aComputer Imaging, Vision, Pattern Recognition and Graphics 961 $aComputer science 961 $aComputer Science 961 $aComputer vision 961 $aImage Processing and Computer Vision 961 $aOptical pattern recognition 961 $aPattern Recognition 961 $aUser Interfaces and Human Computer Interaction 996 $aAdvances in Visual Computing$9772261 997 $aUNINA LEADER 01466nas 2200385 n 450 001 990009016870403321 005 20240229084335.0 011 $a0029-6031 035 $a000901687 035 $aFED01000901687 035 $a(Aleph)000901687FED01 035 $a000901687 091 $2CNR$aP 00082225 100 $a20090724a19479999km-y0itaa50------ba 101 0 $aeng 102 $aUS 110 $aauu-------- 200 1 $aNumismatic literature 207 1$a1947- 210 $aNew York$cAmerican Numismatic Society 530 0 $aNumismatic literature 675 $a737 675 $a930.26 676 $a016.737 712 02$aAmerican Numismatic Society 801 0$aIT$bACNP$c20090723 859 4 $uhttp://acnp.cib.unibo.it/cgi-ser/start/it/cnr/dc-p1.tcl?catno=54134&person=false&language=ITALIANO&libr=&libr_th=unina1$zBiblioteche che possiedono il periodico 901 $aSE 912 $a990009016870403321 958 $aBRAU. Biblioteca di Ricerca di Area Umanistica$b1975-$c1982;$eGRAN BRETAGNA 33$fFLFBC 959 $aFLFBC 996 $aNumismatic literature$9789813 997 $aUNINA AP1 8 $6866-01$aNA072 BRAU. Biblioteca di Ricerca di Area Umanistica$bGRAN BRETAGNA 33$ePiazza Bellini 56/60, 80133 Napoli (NA)$m(081) 2533948$nit AP2 40$aacnp.cib.unibo.it$nACNP Italian Union Catalogue of Serials$uhttp://acnp.cib.unibo.it/cgi-ser/start/it/cnr/df-p.tcl?catno=54134&language=ITALIANO&libr=&person=&B=1&libr_th=unina&proposto=NO